[Event "Catalunya-chT Gp2"]
[Site "Barcelona"]
[Date "2024.03.02"]
[Round "7.9"]
[White "Chigaeva, Anastasia"]
[Black "De la Riva Aguado, Jorge"]
[Result "1/2-1/2"]
[WhiteElo "2106"]
[BlackElo "2184"]
[PlyCount "35"]
[EventDate "2024.01.20"]
[EventType "team-tourn"]
[EventRounds "7"]
[EventCountry "ESP"]
[SourceTitle "CB11_2024"]
[SourceDate "2024.03.13"]
[SourceVersion "1"]
[SourceVersionDate "2024.03.13"]
[SourceQuality "1"]
[WhiteTeam "Platja D'Aro"]
[BlackTeam "Foment Martinenc"]
[WhiteTeamCountry "ESP"]
[BlackTeamCountry "ESP"]

1. d4 Nf6 2. c4 g6 3. Nc3 Bg7 4. e4 d6 5. Be2 0-0 6. Bg5 h6 7. Be3 c5 8. d5 e6 9. Qd2 exd5 10. exd5 Kh7 11. h3 Re8 12. Nf3 Bf5 13. 0-0 Ne4 14. Nxe4 Bxe4 15. Rad1 Nd7 16. Rfe1 Bxf3 17. Bxf3 Qh4 18. b3 1/2-1/2

[Event "Catalunya-chT Gp1"]
[Site "Barcelona"]
[Date "2022.03.12"]
[Round "8.8"]
[White "De la Riva Aguado, Jorge"]
[Black "Valle Luis, Leo"]
[Result "1/2-1/2"]
[WhiteElo "2167"]
[BlackElo "1909"]
[PlyCount "74"]
[EventDate "2022.01.22"]
[EventType "team-tourn"]
[EventRounds "9"]
[EventCountry "ESP"]
[SourceTitle "CBM 208 Extra"]
[Source "ChessBase"]
[SourceDate "2022.07.31"]
[SourceVersion "1"]
[SourceVersionDate "2022.07.31"]
[SourceQuality "1"]
[WhiteTeam "Foment Martinenc"]
[BlackTeam "Gerunda"]
[WhiteTeamCountry "ESP"]
[BlackTeamCountry "ESP"]

1. d4 Nf6 2. Nf3 e6 3. e3 c5 4. Bd3 Nc6 5. 0-0 Be7 6. b3 d5 7. Bb2 cxd4 8. exd4 0-0 9. a3 Bd6 10. Nbd2 b6 11. Ne5 Qc7 12. Re1 Ne7 13. h4 Nd7 14. Qh5 f5 15. Ndf3 Nf6 16. Qg5 Ne4 17. Qe3 Nc6 18. Rac1 Nxe5 19. Nxe5 Qe7 20. Qf4 Bxa3 21. Bxa3 Qxa3 22. f3 Nf6 23. Nc6 Bd7 24. Ra1 Qb2 25. Ne5 Be8 26. Ra6 Nh5 27. Qe3 f4 28. Qf2 Ng3 29. c4 Qxb3 30. Raa1 Qb4 31. Rab1 Qe7 32. cxd5 Qxh4 33. Qa2 Qh1+ 34. Kf2 Qh4 35. Kg1 Qh1+ 36. Kf2 Qh4 37. Kg1 Qh1+ 1/2-1/2

[Event "Foment Martinenc-A 2nd"]
[Site "Barcelona"]
[Date "2021.06.12"]
[Round "2"]
[White "De la Riva Aguado, Jorge"]
[Black "Pros Heras, Jordi"]
[Result "1/2-1/2"]
[WhiteElo "2181"]
[BlackElo "2135"]
[PlyCount "37"]
[EventDate "2021.06.11"]
[EventType "tourn"]
[EventRounds "7"]
[EventCountry "ESP"]
[SourceTitle "EXT 2022"]
[Source "ChessBase"]
[SourceDate "2021.10.06"]
[SourceVersion "1"]
[SourceVersionDate "2021.10.06"]
[SourceQuality "1"]

1. d4 e6 2. Nf3 Nf6 3. e3 c5 4. Bd3 Nc6 5. 0-0 d5 6. b3 Qc7 7. Bb2 cxd4 8. exd4 Nb4 9. Nc3 Nxd3 10. Qxd3 a6 11. Ne2 Be7 12. Ng3 0-0 13. c4 dxc4 14. bxc4 b5 15. Rac1 bxc4 16. Rxc4 Qb7 17. Ba3 Bxa3 18. Qxa3 Bd7 19. Rfc1 1/2-1/2

[Event "Catalunya-chT GpB final"]
[Site "Barcelona"]
[Date "2018.03.17"]
[Round "2.10"]
[White "De la Riva Aguado, Jorge"]
[Black "Rovira Vila, Jaume"]
[Result "1/2-1/2"]
[WhiteElo "2213"]
[BlackElo "2166"]
[PlyCount "77"]
[EventDate "2018.03.10"]
[EventType "team-tourn"]
[EventRounds "4"]
[EventCountry "ESP"]
[SourceTitle "CBM 183 Extra"]
[Source "ChessBase"]
[SourceDate "2018.04.19"]
[SourceVersion "1"]
[SourceVersionDate "2018.04.19"]
[SourceQuality "1"]
[WhiteTeam "Foment Martinenc"]
[BlackTeam "Gerunda"]
[WhiteTeamCountry "ESP"]
[BlackTeamCountry "ESP"]

1. d4 d5 2. Nf3 e6 3. e3 c6 4. Bd3 f5 5. 0-0 Nf6 6. Ne5 Bd6 7. b3 Qe7 8. Bb2 0-0 9. Nd2 Nbd7 10. f3 a5 11. a4 Kh8 12. Kh1 Qe8 13. Qe1 Be7 14. e4 Nh5 15. exf5 Nxe5 16. dxe5 exf5 17. f4 c5 18. Be2 Be6 19. Qd1 g6 20. Nb1 Ng7 21. Nc3 Rd8 22. Nb5 Qd7 23. Qd2 Kg8 24. Qxa5 Ra8 25. Qd2 Rfd8 26. Rad1 h5 27. Bf3 Ne8 28. Qf2 Kf7 29. Rfe1 Nc7 30. Nd6+ Bxd6 31. exd6 Qxd6 32. Be5 Qb6 33. Qh4 Ne8 34. Qg5 d4 35. Qh6 Bd5 36. Qh7+ Kf8 37. Qh8+ Kf7 38. Qh7+ Kf8 39. Qh8+ 1/2-1/2

[Event "La Pobla de Lillet op 27th"]
[Site "La Pobla de Lillet"]
[Date "2017.??.??"]
[Round "1"]
[White "Collell Rodriguez, Victor"]
[Black "De la Riva Aguado, Jorge"]
[Result "1/2-1/2"]
[WhiteElo "1914"]
[BlackElo "2201"]
[PlyCount "37"]
[EventDate "2017.08.01"]
[EventType "tourn"]
[EventRounds "9"]
[EventCountry "ESP"]
[SourceTitle "CBM 179 Extra"]
[Source "ChessBase"]
[SourceDate "2017.08.23"]
[SourceVersion "1"]
[SourceVersionDate "2017.08.23"]
[SourceQuality "1"]

1. e4 g6 2. d4 Bg7 3. Nc3 d6 4. h3 a6 5. a4 b6 6. Nf3 Bb7 7. Bc4 e6 8. 0-0 Nd7 9. Re1 Ne7 10. b3 0-0 11. Bb2 h6 12. Qd2 Kh7 13. Re2 c6 14. Ree1 Rc8 15. Rad1 b5 16. Bf1 Qb6 17. Qf4 e5 18. dxe5 dxe5 19. Qh4 1/2-1/2

[Event "La Pobla de Lillet op 27th"]
[Site "La Pobla de Lillet"]
[Date "2017.??.??"]
[Round "6"]
[White "De la Riva Aguado, Jorge"]
[Black "Cervello Tost, Roger"]
[Result "1/2-1/2"]
[WhiteElo "2201"]
[BlackElo "1955"]
[PlyCount "43"]
[EventDate "2017.08.01"]
[EventType "tourn"]
[EventRounds "9"]
[EventCountry "ESP"]
[SourceTitle "CBM 179 Extra"]
[Source "ChessBase"]
[SourceDate "2017.08.23"]
[SourceVersion "1"]
[SourceVersionDate "2017.08.23"]
[SourceQuality "1"]

1. d4 d5 2. Nf3 Nf6 3. e3 e6 4. Bd3 Bd6 5. b3 b6 6. Bb2 Bb7 7. 0-0 Nbd7 8. Ne5 0-0 9. Nd2 c5 10. f4 Ne4 11. Nxe4 dxe4 12. Bc4 Nf6 13. Qe1 Nd5 14. Qg3 f6 15. Ng4 Qe7 16. Rad1 f5 17. dxc5 Bxc5 18. Bxd5 exd5 19. Ne5 Rac8 20. Rf2 Rfd8 21. h4 Bb4 22. Bd4 1/2-1/2

[Event "La Pobla de Lillet op 27th"]
[Site "La Pobla de Lillet"]
[Date "2017.??.??"]
[Round "8"]
[White "De la Riva Aguado, Jorge"]
[Black "Mellado Trivino, Juan"]
[Result "1/2-1/2"]
[WhiteElo "2201"]
[BlackElo "2402"]
[PlyCount "24"]
[EventDate "2017.08.01"]
[EventType "tourn"]
[EventRounds "9"]
[EventCountry "ESP"]
[SourceTitle "CBM 179 Extra"]
[Source "ChessBase"]
[SourceDate "2017.08.23"]
[SourceVersion "1"]
[SourceVersionDate "2017.08.23"]
[SourceQuality "1"]

1. d4 e6 2. Nf3 c5 3. e3 Nf6 4. Bd3 b6 5. 0-0 Bb7 6. b3 Be7 7. Bb2 0-0 8. c4 cxd4 9. Nxd4 Nc6 10. Nxc6 Bxc6 11. Nc3 Qc7 12. Qe2 d6 1/2-1/2

[Event "La Pobla de Lillet op 27th"]
[Site "La Pobla de Lillet"]
[Date "2017.??.??"]
[Round "3"]
[White "Sanz Menendez, Juan Carlos"]
[Black "De la Riva Aguado, Jorge"]
[Result "1/2-1/2"]
[WhiteElo "1982"]
[BlackElo "2201"]
[PlyCount "44"]
[EventDate "2017.08.01"]
[EventType "tourn"]
[EventRounds "9"]
[EventCountry "ESP"]
[SourceTitle "CBM 179 Extra"]
[Source "ChessBase"]
[SourceDate "2017.08.23"]
[SourceVersion "1"]
[SourceVersionDate "2017.08.23"]
[SourceQuality "1"]

1. Nf3 Nf6 2. c4 c5 3. Nc3 Nc6 4. d4 cxd4 5. Nxd4 g6 6. g3 Bg7 7. Nxc6 bxc6 8. Bg2 0-0 9. 0-0 Rb8 10. Qa4 a6 11. Qa3 Re8 12. b4 Qb6 13. Rb1 d6 14. c5 Qc7 15. e4 dxc5 16. bxc5 Rxb1 17. Nxb1 Nd7 18. Be3 Ne5 19. Rc1 Rd8 20. Bf1 a5 21. Bd2 a4 22. h3 Be6 1/2-1/2

[Event "Catalunya-chT Gp1"]
[Site "Barcelona"]
[Date "2016.03.05"]
[Round "7.3"]
[White "Llobet Reus, Joan"]
[Black "De la Riva Aguado, Jorge"]
[Result "1/2-1/2"]
[WhiteElo "2090"]
[BlackElo "2192"]
[PlyCount "36"]
[EventDate "2016.01.23"]
[EventType "team-tourn"]
[EventRounds "7"]
[EventCountry "ESP"]
[SourceTitle "EXT 2017"]
[Source "ChessBase"]
[SourceDate "2016.10.25"]
[SourceVersion "1"]
[SourceVersionDate "2016.10.25"]
[SourceQuality "1"]
[WhiteTeam "Barcelona Unio Graciencia"]
[BlackTeam "Foment Martinenc"]
[WhiteTeamCountry "ESP"]
[BlackTeamCountry "ESP"]

1. e4 c5 2. Nf3 e6 3. d4 cxd4 4. Nxd4 Nc6 5. Nc3 Qc7 6. Be2 a6 7. 0-0 Nf6 8. Be3 Bb4 9. Na4 Be7 10. Nxc6 bxc6 11. Nb6 Rb8 12. Nxc8 Qxc8 13. e5 Nd5 14. Bc1 c5 15. c4 Nb4 16. f4 Nc6 17. Bd3 Nd4 18. Rb1 f5 1/2-1/2

[Event "Barcelona-A 1st"]
[Site "Barcelona"]
[Date "2015.12.08"]
[Round "6"]
[White "Prats Rodriguez, Juan Bosco"]
[Black "De la Riva Aguado, Jorge"]
[Result "1/2-1/2"]
[WhiteElo "1962"]
[BlackElo "2240"]
[PlyCount "55"]
[EventDate "2015.12.05"]
[EventType "tourn"]
[EventRounds "7"]
[EventCountry "ESP"]
[SourceTitle "EXT 2024"]
[Source "ChessBase"]
[SourceDate "2023.10.10"]
[SourceVersion "1"]
[SourceVersionDate "2023.10.10"]
[SourceQuality "1"]

1. e4 g6 2. d4 Bg7 3. Nf3 a6 4. a4 d6 5. h3 b6 6. Bc4 e6 7. Nc3 Bb7 8. 0-0 Nd7 9. Bg5 Ne7 10. Qd2 h6 11. Bf4 g5 12. Bg3 Ng6 13. Rad1 Nf6 14. Rfe1 Nh5 15. Bh2 0-0 16. Qe2 Nhf4 17. Qe3 d5 18. Bf1 dxe4 19. Nxe4 Qe8 20. b3 Nd5 21. Qd2 Rd8 22. c4 Ndf4 23. Qe3 Qc6 24. Bxf4 Nxf4 25. g3 Ng6 26. Bg2 Qe8 27. Nc3 Ba8 28. Kh2 1/2-1/2

[Event "La Pobla de Lillet op 25th A"]
[Site "La Pobla de Lillet"]
[Date "2015.08.01"]
[Round "1.7"]
[White "De la Riva Aguado, Jorge"]
[Black "Farre Selma, David"]
[Result "1-0"]
[WhiteElo "2221"]
[BlackElo "1897"]
[PlyCount "91"]
[EventDate "2015.08.01"]
[EventType "swiss"]
[EventRounds "9"]
[EventCountry "ESP"]
[SourceTitle "EXT 2024"]
[Source "ChessBase"]
[SourceDate "2023.10.10"]
[SourceVersion "1"]
[SourceVersionDate "2023.10.10"]
[SourceQuality "1"]

1. e4 d5 2. exd5 Qxd5 3. Nc3 Qd8 4. d4 c6 5. Bc4 Nf6 6. Nf3 e6 7. 0-0 Be7 8. Qe2 0-0 9. Ne4 Nbd7 10. Ng3 b5 11. Bb3 a5 12. c3 Ba6 13. Re1 Qc7 14. Ne5 Nxe5 15. dxe5 Nd5 16. Bc2 g6 17. Bh6 Rfe8 18. Rad1 Bf8 19. Bxf8 Rxf8 20. Qg4 Kh8 21. Qg5 Qe7 22. Qh6 Rfd8 23. Ne4 Qf8 24. Qh4 Qg7 25. f4 b4 26. Bb3 bxc3 27. bxc3 Rf8 28. c4 Nb6 29. c5 Nd5 30. Bxd5 cxd5 31. Nd6 Ra7 32. Rb1 Rc7 33. Rec1 d4 34. Qf2 d3 35. Rb6 Ra8 36. Rxa6 Rxa6 37. Ne8 Qf8 38. Nxc7 Rc6 39. Nb5 d2 40. Qxd2 Rxc5 41. Rxc5 Qxc5+ 42. Nd4 Qb6 43. h3 a4 44. a3 Qb1+ 45. Kh2 Qa1 46. Qb4 1-0

[Event "Catalunya-chT GpB final"]
[Site "Barcelona"]
[Date "2015.04.18"]
[Round "11.4"]
[White "De la Riva Aguado, Jorge"]
[Black "Roca Diaz, Miguel Angel"]
[Result "1-0"]
[WhiteElo "2245"]
[BlackElo "2043"]
[PlyCount "59"]
[EventDate "2015.03.14"]
[EventType "team-tourn"]
[EventRounds "11"]
[EventCountry "ESP"]
[SourceTitle "EXT 2016"]
[Source "ChessBase"]
[SourceDate "2015.10.08"]
[SourceVersion "1"]
[SourceVersionDate "2015.10.08"]
[SourceQuality "1"]
[WhiteTeam "Foment Martinenc"]
[BlackTeam "Sitges"]
[WhiteTeamCountry "ESP"]
[BlackTeamCountry "ESP"]

1. e4 c6 2. Nc3 d5 3. Nf3 Bg4 4. h3 Bxf3 5. Qxf3 Nf6 6. d3 e6 7. Bd2 Nbd7 8. g4 Be7 9. g5 dxe4 10. dxe4 Ne5 11. Qg3 Nfd7 12. f4 Ng6 13. 0-0-0 Qc7 14. Bc4 b5 15. Bd3 Nc5 16. Ne2 Rd8 17. h4 Nxd3+ 18. cxd3 b4 19. Kb1 a5 20. h5 Nf8 21. Be3 e5 22. fxe5 Ne6 23. d4 Qb7 24. g6 0-0 25. gxh7+ Kxh7 26. Nf4 Nxf4 27. Qxf4 b3 28. a3 f5 29. exf5 c5 30. h6 1-0

[Event "Catalunya-chT Gp1"]
[Site "Barcelona"]
[Date "2015.02.07"]
[Round "3.3"]
[White "De la Riva Aguado, Jorge"]
[Black "Ezquerro Luque, Albert"]
[Result "1/2-1/2"]
[WhiteElo "2245"]
[BlackElo "2059"]
[PlyCount "69"]
[EventDate "2015.01.24"]
[EventType "team-tourn"]
[EventRounds "7"]
[EventCountry "ESP"]
[SourceTitle "CBM 164 Extra"]
[Source "ChessBase"]
[SourceDate "2015.03.02"]
[SourceVersion "1"]
[SourceVersionDate "2015.03.02"]
[SourceQuality "1"]
[WhiteTeam "Foment Martinenc"]
[BlackTeam "Peona I Peo"]
[WhiteTeamCountry "ESP"]
[BlackTeamCountry "ESP"]

1. e4 e5 2. Nf3 Nc6 3. Bb5 a6 4. Ba4 d6 5. c3 Bd7 6. 0-0 g6 7. d4 Bg7 8. Be3 Nf6 9. dxe5 dxe5 10. Nbd2 0-0 11. Qe2 Qe7 12. Bb3 Na5 13. Rfd1 Nxb3 14. axb3 Ng4 15. Nf1 Nxe3 16. Nxe3 c6 17. Nc4 Be6 18. Qe3 f6 19. Rd2 Rad8 20. Rad1 Qc7 21. Rxd8 Rxd8 22. Rxd8+ Qxd8 23. Qd2 Qe7 24. Qd3 Bf8 25. Nfd2 Qc7 26. h3 Be7 27. b4 b5 28. Ne3 a5 29. bxa5 Qxa5 30. Kh2 Qa2 31. b4 Kf7 32. g4 h6 33. Kg2 Qa3 34. Qc2 Bd8 35. Qd3 1/2-1/2

[Event "Catalunya-chT Gp1"]
[Site "Barcelona"]
[Date "2015.01.24"]
[Round "1.2"]
[White "De la Riva Aguado, Jorge"]
[Black "Asensio Linan, Teodoro"]
[Result "1-0"]
[WhiteElo "2245"]
[BlackElo "2145"]
[PlyCount "86"]
[EventDate "2015.01.24"]
[EventType "team-tourn"]
[EventRounds "7"]
[EventCountry "ESP"]
[SourceTitle "CBM 164 Extra"]
[Source "ChessBase"]
[SourceDate "2015.03.02"]
[SourceVersion "1"]
[SourceVersionDate "2015.03.02"]
[SourceQuality "1"]
[WhiteTeam "Foment Martinenc"]
[BlackTeam "Montcada"]
[WhiteTeamCountry "ESP"]
[BlackTeamCountry "ESP"]

1. e4 e6 2. d4 d5 3. Bd3 c5 4. exd5 exd5 5. dxc5 Bxc5 6. Ne2 Nf6 7. 0-0 0-0 8. Bg5 h6 9. Bh4 g5 10. Bg3 Ne4 11. Nbc3 f5 12. Na4 Be7 13. Bxb8 Rxb8 14. c4 dxc4 15. Bxc4+ Kg7 16. Bd5 Nf6 17. Nac3 Qa5 18. Bb3 Rd8 19. Qc2 Qe5 20. Rfe1 Bb4 21. Rad1 Rxd1 22. Qxd1 Bd7 23. Ng3 Qd6 24. Qf3 f4 25. Nh5+ Nxh5 26. Qxh5 Rf8 27. Rd1 Be8 28. Rxd6 Bxh5 29. Rd7+ Kh8 30. Rxb7 Re8 31. h3 Re1+ 32. Kh2 Bc5 33. g4 fxg3+ 34. Kxg3 Rg1+ 35. Kh2 Rf1 36. Ne4 Bd4 37. Kg2 Re1 38. Rb8+ Kg7 39. Bd5 Be2 40. Ng3 Bd1 41. Nf5+ Kf6 42. Nxd4 g4 43. hxg4 Bxg4 1-0

[Event "Catalunya-chT"]
[Site "Catalunya"]
[Date "2014.03.22"]
[Round "9.1"]
[White "Prat Llables, Joan"]
[Black "De la Riva Aguado, Jorge"]
[Result "1/2-1/2"]
[WhiteElo "2199"]
[BlackElo "2245"]
[PlyCount "22"]
[EventDate "2014.01.25"]
[EventType "team"]
[EventRounds "11"]
[EventCountry "ESP"]
[SourceTitle "EXT 2015"]
[Source "ChessBase"]
[SourceDate "2014.11.20"]
[SourceVersion "1"]
[SourceVersionDate "2014.11.20"]
[SourceQuality "1"]
[WhiteTeam "Tres Peons"]
[BlackTeam "Foment Martinenc"]
[WhiteTeamCountry "ESP"]
[BlackTeamCountry "ESP"]

1. e4 c5 2. c3 e6 3. d4 d5 4. e5 Nc6 5. Nf3 Bd7 6. Be2 Nge7 7. Na3 a6 8. Nc2 Rc8 9. h4 cxd4 10. cxd4 h5 11. Bd3 Qb6 1/2-1/2

[Event "Catalunya-chT"]
[Site "Catalunya"]
[Date "2012.03.24"]
[Round "9.9"]
[White "De la Riva Aguado, Jorge"]
[Black "Asensio Linan, Teodoro"]
[Result "1-0"]
[WhiteElo "2248"]
[BlackElo "2167"]
[PlyCount "45"]
[EventDate "2012.01.28"]
[EventType "team-tourn"]
[EventRounds "11"]
[EventCountry "ESP"]
[SourceTitle "EXT 2013"]
[Source "ChessBase"]
[SourceDate "2012.11.22"]
[SourceVersion "1"]
[SourceVersionDate "2012.11.22"]
[SourceQuality "1"]
[WhiteTeam "Foment Martinenc"]
[BlackTeam "Montcada"]
[WhiteTeamCountry "ESP"]
[BlackTeamCountry "ESP"]

1. d4 Nf6 2. Nf3 e6 3. e3 b6 4. Bd3 Bb7 5. Nbd2 c5 6. b3 cxd4 7. exd4 Nd5 8. 0-0 Nf4 9. Bc4 b5 10. Be2 Bd6 11. Re1 0-0 12. Bf1 Bb4 13. g3 Nd5 14. c4 Nf6 15. Bb2 bxc4 16. bxc4 Bxd2 17. Nxd2 Qb6 18. Rb1 Qc6 19. d5 exd5 20. Bxf6 dxc4 21. Rxb7 Qxb7 22. Qg4 g6 23. Qf4 1-0

[Event "Catalunya-chT"]
[Site "Catalunya"]
[Date "2012.02.04"]
[Round "2.10"]
[White "De la Riva Aguado, Jorge"]
[Black "Bru Rullo, Llatzer"]
[Result "1-0"]
[WhiteElo "2248"]
[BlackElo "2020"]
[PlyCount "75"]
[EventDate "2012.01.28"]
[EventType "team-tourn"]
[EventRounds "11"]
[EventCountry "ESP"]
[SourceTitle "EXT 2013"]
[Source "ChessBase"]
[SourceDate "2012.11.22"]
[SourceVersion "1"]
[SourceVersionDate "2012.11.22"]
[SourceQuality "1"]
[WhiteTeam "Foment Martinenc"]
[BlackTeam "Cerdanyola Valles"]
[WhiteTeamCountry "ESP"]
[BlackTeamCountry "ESP"]

1. e4 e5 2. Nf3 Nc6 3. Bb5 a6 4. Ba4 Nf6 5. d3 b5 6. Bb3 Be7 7. 0-0 0-0 8. Re1 d6 9. a4 b4 10. Nbd2 Na5 11. Ba2 Bd7 12. Nf1 c5 13. Bd2 Qe8 14. Ng3 Be6 15. Nf5 Bxf5 16. exf5 Qd7 17. Nh4 Nc6 18. g4 Ne8 19. g5 Nd4 20. Bd5 Ra7 21. Qh5 Nxc2 22. g6 Nf6 23. gxf7+ Rxf7 24. Qxf7+ Kh8 25. Be6 Qe8 26. Qxe8+ Nxe8 27. Ng2 Nxa1 28. Rxa1 Bf6 29. Rb1 Re7 30. Ne3 Nc7 31. Nd5 Nxd5 32. Bxd5 a5 33. Kg2 Rc7 34. Kf3 Rd7 35. b3 Re7 36. Rg1 Re8 37. Ke4 Rb8 38. Bg5 1-0

[Event "Catalunya-chT"]
[Site "Barcelona"]
[Date "2011.03.26"]
[Round "9"]
[White "De la Riva Aguado, Jorge"]
[Black "Randazzo, Adrian"]
[Result "1/2-1/2"]
[WhiteElo "2289"]
[BlackElo "2228"]
[PlyCount "153"]
[EventDate "2011.01.29"]
[EventType "team-tourn"]
[EventRounds "11"]
[EventCountry "ESP"]
[SourceTitle "EXT 2012"]
[Source "ChessBase"]
[SourceDate "2011.11.24"]
[SourceVersion "1"]
[SourceVersionDate "2011.11.24"]
[SourceQuality "1"]
[WhiteTeam "Forment"]
[BlackTeam "Montcada"]
[WhiteTeamCountry "ESP"]
[BlackTeamCountry "ESP"]

1. e4 c5 2. Nc3 d6 3. g3 g6 4. Bg2 Bg7 5. d3 Nc6 6. Be3 Rb8 7. Qd2 b5 8. Nge2 b4 9. Nd1 Nd4 10. 0-0 e6 11. Nc1 Ne7 12. c3 bxc3 13. bxc3 Ndc6 14. Bh6 0-0 15. Bxg7 Kxg7 16. Ne3 Ba6 17. Re1 Qb6 18. Nb3 Ne5 19. c4 Qb4 20. Qc2 Qa3 21. f4 N5c6 22. Qc3+ f6 23. Nc2 Qa4 24. Bh3 e5 25. Bd7 Bc8 26. Bxc6 Nxc6 27. Kg2 Nd4 28. Ncxd4 cxd4 29. Qd2 f5 30. fxe5 dxe5 31. Qg5 Qe8 32. Rf1 h6 33. Qd2 fxe4 34. Rxf8 Qxf8 35. dxe4 Bg4 36. Qd3 Qa3 37. Rf1 Qxa2+ 38. Nd2 Rb2 39. Rf2 Qa5 40. h3 Qc3 41. Qf1 Rxd2 42. hxg4 Rxf2+ 43. Qxf2 Qxc4 44. Qb2 Qc7 45. Qb5 Kf6 46. Qf1+ Ke7 47. Qb5 Ke6 48. Qd5+ Kf6 49. Qg8 Qc2+ 50. Kh3 Qxe4 51. Qd8+ Ke6 52. Qc8+ Kd6 53. Qf8+ Kc7 54. Qc5+ Kb7 55. Qb5+ Kc8 56. Qc5+ Kb8 57. Qb5+ Kc7 58. Qc5+ Qc6 59. Qxe5+ Qd6 60. Qa5+ Kc6 61. Qxa7 d3 62. Qa6+ Kd7 63. Qb7+ Ke6 64. Qb3+ Kf6 65. Qb2+ Ke6 66. Qb3+ Ke5 67. Qb2+ Qd4 68. Qb8+ Ke4 69. Qf4+ Kd5 70. Qf7+ Kc5 71. Qa7+ Kc4 72. Qa4+ Kd5 73. Qa8+ Ke5 74. Qe8+ Kd5 75. Qa8+ Kc5 76. Qa7+ Kc4 77. Qa4+ 1/2-1/2

[Event "Catalunya-chT"]
[Site "Barcelona"]
[Date "2011.02.05"]
[Round "2"]
[White "De la Riva Aguado, Jorge"]
[Black "Armengol Comas, Joaquim"]
[Result "0-1"]
[WhiteElo "2289"]
[BlackElo "2207"]
[PlyCount "84"]
[EventDate "2011.01.29"]
[EventType "team-tourn"]
[EventRounds "11"]
[EventCountry "ESP"]
[SourceTitle "EXT 2012"]
[Source "ChessBase"]
[SourceDate "2011.11.24"]
[SourceVersion "1"]
[SourceVersionDate "2011.11.24"]
[SourceQuality "1"]
[WhiteTeam "Forment"]
[BlackTeam "Terrassa"]
[WhiteTeamCountry "ESP"]
[BlackTeamCountry "ESP"]

1. e4 c5 2. Nf3 Nc6 3. c3 d5 4. exd5 Qxd5 5. d4 Nf6 6. Be2 e6 7. 0-0 Be7 8. Na3 cxd4 9. Nb5 Qd8 10. Bf4 Nd5 11. Bg3 dxc3 12. bxc3 a6 13. c4 axb5 14. cxd5 Qxd5 15. Qxd5 exd5 16. Bxb5 0-0 17. a4 Be6 18. Rac1 Rfc8 19. Bf4 h6 20. h3 Bf6 21. Rfd1 Na5 22. Rb1 Nc4 23. Rb3 Nb2 24. Rb1 Nxa4 25. Bf1 Nc3 26. Re1 b5 27. Bxb5 d4 28. Rb2 Nxb5 29. Rxb5 Ra2 30. Rd1 g5 31. Bg3 Bc4 32. Rf5 Be2 33. Rxf6 Bxd1 34. Nxd4 Bc2 35. Nxc2 Raxc2 36. h4 R8c6 37. Rf5 f6 38. hxg5 hxg5 39. Ra5 Kf7 40. Ra8 Rc8 41. Ra7+ Kg6 42. Ra6 Rc1+ 0-1